000 00677nam a2200265Ia 4500
003 OSt
005 20221007110411.0
006 a|||||r|||| 00| 0
007 ta
008 221006b |||||||| |||| 00| 0 eng d
020 _a8170124921
024 _a21,069
037 _cTextual
040 _aLCO
_cLCO
_beng
041 _2eng
_aeng
082 _aY:45:6, N3
100 _aSiddique Ahmad
245 0 _aCriminology
_b Problems and Perspectives
250 _a3rd
260 _aLucknow
_bEastern Book Company India
_c1993
300 _a622
650 _aCRIMINOLOGY
942 _hY:45:6, N3
_cTEXL
999 _c1190632
_d1190632